000
00316nam a2200133Ia 4500
005
20260328104326.0
008
260328s9999||||xx |||||||||||||| ||und||
100
_a
Taschen, Angelika
245
0
_a
Living in Provence /
_c
Angelika Taschen
260
_b
Taschen
300
_a
474 p.
650
_a
COMEDOR
942
_c
BK
999
_c
11530
_d
11530